Clubs qui ont le plus gagné de Champions Cup. - Statistiques

Statistiques générales
  • Ce quiz a été pris 439 fois
    20 depuis la dernière actualisation
  • Le résultat moyen est 9 sur 14
Statistiques - réponses
Titres Premier - Dernier Club % Correct
1 2025 Union Bordeaux Bègles
95%
6 1996 - 2024 Stade toulousain
95%
3 2013 - 2015 RC Toulon
89%
2 2022 - 2023 Stade rochelais
89%
4 2009 - 2018 Leinster
79%
2 2001 - 2002 Leicester Tigers
63%
2 2006 - 2008 Munster
58%
1 2000 Northampton Saints
58%
1 1999 Ulster
53%
1 1997 CA Brive
53%
3 2016 - 2019 Saracens
47%
1 1998 Bath rugby
37%
2 2004 - 2007 London Wasps
37%
1 2020 Exeter Chiefs
37%
Aucun quiz correspondant
Distribution des résultats
% des personnes avec chaque résultat
Percentile par nombre de réponses
Votre historique - résultats
Vous n’avez pas pris ce quiz depuis la dernière actualisation